ბათუმის შოთა რუსთაველის სახელმწიფო უნივერსიტეტის ბიბლიოთეკა

ქართული ანტისაბჭოთა ემიგრაცია და სპეცსამსახურები / (ბიბ.ჩანაწერი № 40419)

000 -ლიდერი
ფიქსირებული სიგრძის საკონტროლო ველი 01530nam a2200313Ia 4500
001 - საკონტროლო ნომერი
საკონტროლო ველი 7027
003 - საკონტროლო ნომრის იდენტიფიკატორი
საკონტროლო ველი GE_BSU
005 - ბოლო ოპერაციის თარიღი და დრო
საკონტროლო ველი 20231110122919.0
008 - ფიქსირებული სიგრძის მონაცემთა ელემენტები - ზოგადი ინფორმაცია
ფიქსირებული სიგრძის საკონტროლო ველი 181216s2013||||ge |||||||||||||| ||geo||
020 ## - წიგნის საერთაშორისო სტანდარტული ნომერი
International Standard Book Number 9789941155789.
040 ## - კატალოგიზაციის წყარო
Transcribing agency GE_BSU
041 ## - ენის კოდი
Language code of text/sound track or separate title geo
080 ## - უნივერსალური ათობითი კლასიფიკაციის ინდექსი
Universal Decimal Classification number 325.2(=353.1)+329.273(479.22)+351.746.1(479.22)+327.84(479.22) ბ-91
100 ## - მთავარი ჩანაწერი - პიროვნების სახელი
Personal name სულაძე, გელა
9 (RLIN) 20327
245 ## - ცნობა სათაურის შესახებ
Title ქართული ანტისაბჭოთა ემიგრაცია და სპეცსამსახურები /
Statement of responsibility, etc გელა სულაძე ; სამეც. რედ. ვახტანგ გურული.
250 ## - გამოცემის ცნობა
Edition statement მე-2 გამოცემა
264 ## - წარმოების, გამოცემის, დისტრიბუციის და სხვა ცნობები
გამოცემის, წარმოების, დისტრიბუციის... ადგილი თბილისი :
გამოცემის, წარმოების, დისტრიბუციის... სახელწოდება ბაკურ სულაკაურის გამ-ბა,
გამოცემის, წარმოების, დისტრიბუციის... თარიღი 2012.
300 ## - ფიზიკური აღწერა
Extent 649 გვ. ;
Other physical details ფოტ. ;
Dimensions 24 სმ.
500 ## - ზოგადი შენიშვნა
General note ფოტოარქივი გვ. : 577-617
501 ## - შენიშვნა თანმხლებ მასალაზე
With note საძიებელი გვ. : 634-649
504 ## - BIBLIOGRAPHY, ETC. NOTE
Bibliography, etc ბიბლიოგრაფია გვ. : 619-633
653 ## - INDEX TERM--UNCONTROLLED
Uncontrolled term ქართული ემიგრაცია
653 ## - INDEX TERM--UNCONTROLLED
Uncontrolled term ანტისაბჭოთა პარტიები საზღვარგარეთ
653 ## - INDEX TERM--UNCONTROLLED
Uncontrolled term ქართული სპეცსამსახურები
653 ## - INDEX TERM--UNCONTROLLED
Uncontrolled term მეგრელთა საქმე
700 ## - ADDED ENTRY--PERSONAL NAME
Personal name გურული, ვახტანგ
Relator term რედაქტორი
9 (RLIN) 20328
942 ## - ADDED ENTRY ELEMENTS (KOHA)
Koha item type წიგნი
Source of classification or shelving scheme
ეგზემპლარები
ჩამოწერის სტატუსი დაკარგული ეგზემპლარის სტატუსი კლასიფიკაციის წყარო ან თაროზე გაწყობის სქემა დაზიანების სტატუსი არ გაიცემა მუდმივი მდებარეობა (დაცვის ადგილი) ამჟამინდელი ადგილსამყოფელი თაროზე განთავსების ადგილი შეძენის თარიღი ღირებულება, შესყიდვის ნორმალური ფასი სრული შენახვის შიფრი შტრიხკოდი ბოლო ოპერაციის თარიღი ეგზემპლარის მიმდევრობითი ნომერი (კეტერი?) ფასის ძალაში შესვლის თარიღი ეგზემპლარის სახეობა საჯარო შენიშვნა
          ბათუმის შოთა რუსთაველის სახელმწიფო უნივერსიტეტის მთავარი ბიბლიოთეკა ბათუმის შოთა რუსთაველის სახელმწიფო უნივერსიტეტის მთავარი ბიბლიოთეკა წიგნსაცავი 2018-12-17 25.00 325.2(=353.1)+329.273(479.22)+351.746.1(479.22)+327.84(479.22) ბ-91 23086 2018-12-17 23086 2018-12-17 წიგნი 25.00 ₾.
          ბათუმის შოთა რუსთაველის სახელმწიფო უნივერსიტეტის მთავარი ბიბლიოთეკა ბათუმის შოთა რუსთაველის სახელმწიფო უნივერსიტეტის მთავარი ბიბლიოთეკა წიგნსაცავი 2018-12-17 25.00 325.2(=353.1)+329.273(479.22)+351.746.1(479.22)+327.84(479.22) ბ-91 23087 2018-12-17 23087 2018-12-17 წიგნი 25.00 ₾.